| 000 | 00565nam a22001937a 4500 | ||
|---|---|---|---|
| 999 |
_c153563 _d153563 |
||
| 003 | dpl | ||
| 005 | 20190215170512.0 | ||
| 008 | 180706b xxu||||| |||| 00| 0 eng d | ||
| 020 |
_a8174784373 _c150.00 |
||
| 035 | _aB-128676, B-128701 | ||
| 040 |
_aDPL _bEN _c0 |
||
| 082 | _a794.1 | ||
| 100 | _aRadhakrishnan, P | ||
| 245 |
_aWhich is the best move?: _bEnd game study/ _cby P Radhakrishnan |
||
| 260 |
_aChennai _bSura Books Pvt Ltd _cN.A |
||
| 300 |
_axii;, 380p; _c23cm.ill; |
||
| 500 | _aincluding appendix | ||
| 942 |
_2ddc _cEN _h794.1 _mRAD |
||